Piłkarze z największą ilością goli - Brazylia - Statystyki

Ogólne statystyki
  • Ten quiz został rozwiązany 226 razy
  • Średni wynik to 6 z 11
Statystyki odpowiedzi
Gole Piłkarz % Poprawnych
77 Pelé
97%
77 Neymar Jr.
94%
62 Ronaldo Nazário
92%
33 Ronaldinho Gaúcho
83%
35 Rivaldo
65%
55 Romário
50%
48 Zico
41%
33 Jairzinho
14%
39 Bebeto
12%
32 Tostão
3%
32 Ademir
2%
Nie znaleziono quizów pasujących do podanych kryteriów
Rozkład punktacji
Procent ludzi z każdym wynikiem
Percentyl według liczby udzielonych odpowiedzi
Twoja historia wyników
Nie rozwiązałeś tego quizu